Section 55 appeals (Record no. 73857)

MARC details
000 -LEADER
fixed length control field 01105cam a2200253 4500
001 - CONTROL NUMBER
control field ABS67222
008 - FIXED-LENGTH DATA ELEMENTS--GENERAL INFORMATION
fixed length control field 031125n2003 000 0 eng u
035 ## - SYSTEM CONTROL NUMBER
System control number (Sirsi) u124470
100 ## - MAIN ENTRY--PERSONAL NAME
Personal name Kindred, B.
245 ## - TITLE STATEMENT
Title Section 55 appeals
260 ## - PUBLICATION, DISTRIBUTION, ETC.
Date of publication, distribution, etc. 2003
490 ## - SERIES STATEMENT
Series statement Context
Volume/sequential designation (81) September 2003, 12(1)
520 ## - SUMMARY, ETC.
Summary, etc. Looks at section 55 where, within 28 days of receiving a demand for payment, an owner may make representaions to the SoS claiming some or all of the works were unnecessary, that the arrangements have gone on too long, that the amount specified was unreasonable or the recovery of it would cause hardship. Gives a table of possible outcomes of appeals and a timetable of their progress.
590 ## - LOCAL NOTE (RLIN)
Local note ABS
650 ## - SUBJECT ADDED ENTRY--TOPICAL TERM
Topical term or geographic name entry element URGENT WORKS NOTICES
650 ## - SUBJECT ADDED ENTRY--TOPICAL TERM
Topical term or geographic name entry element SECTION 55 APPEALS
650 ## - SUBJECT ADDED ENTRY--TOPICAL TERM
Topical term or geographic name entry element HISTORIC BUILDINGS
650 ## - SUBJECT ADDED ENTRY--TOPICAL TERM
Topical term or geographic name entry element DISREPAIR
650 ## - SUBJECT ADDED ENTRY--TOPICAL TERM
Topical term or geographic name entry element LISTED BUILDINGS
650 ## - SUBJECT ADDED ENTRY--TOPICAL TERM
Topical term or geographic name entry element PLANNING (LISTED BUILDINGS AND CONSERVATION AREAS) ACT 1990
650 ## - SUBJECT ADDED ENTRY--TOPICAL TERM
Topical term or geographic name entry element REPAIR NOTICES
690 ## - LOCAL SUBJECT ADDED ENTRY--TOPICAL TERM (OCLC, RLIN)
Topical term or geographic name as entry element BUILT ENVIRONMENT-BUILDING MAINTENANCE AND REFURBISHMENT-BUILDING CONSERVATION
942 ## - ADDED ENTRY ELEMENTS (KOHA)
Suppress in OPAC 0
Holdings
Withdrawn status Lost status Source of classification or shelving scheme Damaged status Not for loan Home library Current library Shelving location Date acquired Total Checkouts Full call number Barcode Date last seen Copy number Price effective from Koha item type
    Dewey Decimal Classification     London London Journal article 25/11/2003   ABS67222 124470-1001 06/08/2019 1 06/08/2019 Journal article